000 00612nam a22001937a 4500
008 161013b xxu||||| |||| 00| 0 eng d
020 _a0415988780
040 _aKABU
_cKABU
050 _aML3798
_b.M55 2009 C.1
100 _aMiller, Terry E.
245 _aWorld music
_ba global journey
_cby Terry E. Miller and Andrew Shahriari
250 _a2nd ed.
260 _aNew York
_bRoutledge
_c2009
300 _axxv, 558 p.
500 _aMissing CD-Rom
650 _2World music
_vHistory and criticism
700 _aShahriari, Andrew
942 _2lcc
_cBK
_e2nd ed.
_hML3798 .M55 2009 C.1
999 _c16213
_d16213